Thinking in C & C++ (Record no. 27700)
[ view plain ]
| 000 -LEADER | |
|---|---|
| fixed length control field | 00286nam a2200133Ia 4500 |
| 082 ## - DEWEY DECIMAL CLASSIFICATION NUMBER | |
| Classification number | 5.13 |
| 100 ## - MAIN ENTRY--PERSONAL NAME | |
| Personal name | Mahapatra/P.B |
| 245 ## - TITLE STATEMENT | |
| Title | Thinking in C & C++ |
| 260 ## - PUBLICATION, DISTRIBUTION, ETC. | |
| Name of publisher, distributor, etc. | Wheeler Publisher |
| Place of publication, distribution, etc. | NewDelhi |
| 300 ## - PHYSICAL DESCRIPTION | |
| Extent | 685 |
| 546 ## - LANGUAGE NOTE | |
| Language note | ENGLISH |
| 654 ## - SUBJECT ADDED ENTRY--FACETED TOPICAL TERMS | |
| Focus term | Thinking in C & C++ |
| 942 ## - ADDED ENTRY ELEMENTS (KOHA) | |
| Koha item type | BOOK |
| Withdrawn status | Lost status | Damaged status | Not for loan | Collection | Home library | Current library | Date acquired | Total Checkouts | Full call number | Barcode | Date last seen | Date last checked out | Price effective from | Koha item type |
|---|---|---|---|---|---|---|---|---|---|---|---|---|---|---|
| AFT | Fr. Agnel's C.Rodrigues College of Engineering | Fr. Agnel's C.Rodrigues- College of Engineering | 17/03/2023 | 1 | 5.13 | AFT7748 | 14/06/2023 | 12/06/2023 | BOOK |